[Event "CYCC U12"]
[Site "Calgary CAN"]
[Date "2023.07.19"]
[Round "2.114"]
[White "Zhang, Felix"]
[Black "Zhong, Ryan Yunhui"]
[Result "0-1"]
[WhiteElo "1410"]
[BlackElo "2017"]
[PlyCount "66"]
[EventDate "2023.07.19"]
[EventType "swiss"]
[EventRounds "7"]
[EventCountry "CAN"]

1. c4 e6 2. Nf3 d5 3. d4 dxc4 4. e3 a6 5. Bxc4 b5 6. Bd3 Bb7 7. O-O Nf6 8. Nc3
c5 9. dxc5 Bxc5 10. Be2 Qc7 11. Bd2 Nbd7 12. Rc1 Qb6 13. a3 O-O 14. b4 Bd6 15.
Nd4 Rfd8 16. Bf3 Ne5 17. Qe2 Rac8 18. Rfd1 Bxf3 19. Nxf3 Nc4 20. Nb1 Ne4 21.
Bc3 Nxc3 22. Rxc3 a5 23. bxa5 Qxa5 24. Rdc1 Qa6 25. Nd4 Be5 26. Qd3 Bxd4 27.
exd4 e5 28. d5 Rc5 29. Rd1 Qa8 30. Qg3 Rcxd5 31. Rcd3 Qa4 32. Qg4 Qxd1+ 33.
Qxd1 Rxd3 0-1

[Event "CYCC U12"]
[Site "Calgary CAN"]
[Date "2023.07.19"]
[Round "2.115"]
[White "Moses, Neil"]
[Black "Chan, Bryan"]
[Result "1-0"]
[WhiteElo "1985"]
[BlackElo "1304"]
[PlyCount "92"]
[EventDate "2023.07.19"]
[EventType "swiss"]
[EventRounds "7"]
[EventCountry "CAN"]

1. e4 e5 2. Nf3 Nc6 3. Bb5 Nf6 4. d3 h6 5. O-O Be7 6. Bxc6 dxc6 7. Nxe5 O-O 8.
h3 Re8 9. Be3 Be6 10. Nd2 Nd7 11. Nxd7 Bxd7 12. f4 c5 13. f5 b6 14. Qg4 Kh7 15.
Nf3 Bf6 16. Rab1 Bc6 17. Qg3 Rc8 18. Bf4 Bd4+ 19. Kh1 Bf6 20. e5 Bxf3 21. exf6
Bxg2+ 22. Qxg2 Qxf6 23. Bd2 Qh4 24. Rf4 Qh5 25. Rg4 Kh8 26. Bc3 f6 27. Rg1 Re3
28. Rh4 Qf7 29. Bd2 Rce8 30. Bxe3 Rxe3 31. Re4 Rxe4 32. dxe4 Kg8 33. Rd1 Qe7
34. Qf3 Kh7 35. Qf4 Qe8 36. b3 Qe7 37. Rd5 Qe8 38. e5 Qc6 39. c4 Qe8 40. e6 Qh5
41. Qg4 Qe8 42. Rd7 Qg8 43. Qg6+ Kh8 44. Qf7 Qa8+ 45. Kh2 Qg8 46. Qxg8+ Kxg8
1-0

[Event "CYCC U12"]
[Site "Calgary CAN"]
[Date "2023.07.19"]
[Round "2.116"]
[White "Naiboglu, Onur"]
[Black "Gao, Justin"]
[Result "1/2-1/2"]
[WhiteElo "1356"]
[BlackElo "1853"]
[PlyCount "95"]
[EventDate "2023.07.19"]
[EventType "swiss"]
[EventRounds "7"]
[EventCountry "CAN"]

1. e4 c5 2. c3 Nc6 3. d4 cxd4 4. cxd4 d5 5. e5 Qb6 6. Nc3 Qxd4 7. Qxd4 Nxd4 8.
Nxd5 Nc2+ 9. Kd2 Nxa1 10. Nc7+ Kd8 11. Nxa8 Be6 12. b3 Bxb3 13. axb3 Nxb3+ 14.
Kc2 Nxc1 15. Kxc1 Nh6 16. Nf3 Kc8 17. Bb5 e6 18. Kb1 Kb8 19. Rc1 Ba3 20. Rc3
Bb4 21. Rc4 Ba5 22. Ra4 Bd8 23. Rc4 a6 24. Bd7 Kxa8 25. Rc8+ Ka7 26. Ng5 Rf8
27. Bxe6 Bxg5 28. Rxf8 fxe6 29. Re8 Ng4 30. Rxe6 Nxf2 31. Rd6 Bf4 32. Rd5 Ne4
33. Kc2 Ng5 34. g3 Be3 35. h4 Ne6 36. Rd6 Nd4+ 37. Kd3 Nf5 38. Rd7 Bc5 39. Rf7
g6 40. g4 Nh6 41. Rxh7 Nxg4 42. Kc4 Ba3 43. e6 Ne5+ 44. Kb3 Bd6 45. e7 Bxe7 46.
Rxe7 Nf3 47. Rh7 a5 48. Rh6 1/2-1/2

[Event "CYCC U12"]
[Site "Calgary CAN"]
[Date "2023.07.19"]
[Round "2.117"]
[White "Chung, Noah"]
[Black "Deshpande, Sarthak"]
[Result "0-1"]
[WhiteElo "1272"]
[BlackElo "119"]
[PlyCount "116"]
[EventDate "2023.07.19"]
[EventType "swiss"]
[EventRounds "7"]
[EventCountry "CAN"]

1. e4 c6 2. d4 d5 3. exd5 cxd5 4. c4 Nf6 5. Nf3 Nc6 6. Nc3 Bg4 7. Be3 e6 8. h3
Bh5 9. cxd5 Nxd5 10. Be2 Bb4 11. Qb3 Nxe3 12. fxe3 O-O 13. O-O Rc8 14. a3 Bxc3
15. bxc3 Qc7 16. Rac1 e5 17. Bb5 e4 18. Bxc6 Bxf3 19. Rxf3 exf3 20. Bxf3 b6 21.
d5 Qc5 22. c4 Rfe8 23. Rc3 b5 24. Qb4 Qxb4 25. axb4 Rxc4 26. Rxc4 bxc4 27. Kf2
Rb8 28. d6 Rd8 29. Bd5 c3 30. Ke2 Rxd6 31. e4 Rd8 32. Kd3 Rc8 33. Kc2 Kf8 34.
b5 Ke7 35. g4 f6 36. h4 Kd6 37. h5 Ke5 38. Kc1 Rc5 39. Kc2 Rxd5 40. exd5 Kxd5
41. Kxc3 Kc5 42. h6 g6 43. Kd3 Kxb5 44. Ke4 Kc6 45. g5 fxg5 46. Ke5 g4 47. Kf4
a5 48. Kxg4 a4 49. Kg5 a3 50. Kf6 a2 51. Kg7 a1=Q+ 52. Kxh7 g5 53. Kg8 g4 54.
Kh7 g3 55. Kg8 g2 56. Kh7 Qa7+ 57. Kh8 g1=Q 58. h7 Qb8# 0-1

[Event "CYCC U12"]
[Site "Calgary CAN"]
[Date "2023.07.19"]
[Round "2.118"]
[White "Mok, Erwin"]
[Black "Nguyen, Leo"]
[Result "1-0"]
[WhiteElo "1694"]
[BlackElo "1174"]
[PlyCount "63"]
[EventDate "2023.07.19"]
[EventType "swiss"]
[EventRounds "7"]
[EventCountry "CAN"]

1. d4 Nf6 2. c4 g6 3. f3 d5 4. cxd5 Nxd5 5. e4 Nb6 6. Nc3 Bg7 7. Be3 e5 8. d5
O-O 9. Qd2 c6 10. h4 Bf6 11. g3 cxd5 12. exd5 Bf5 13. O-O-O Qc7 14. g4 Bd7 15.
Kb1 Rd8 16. Ne4 Bg7 17. Rc1 Bc6 18. Bc4 Qe7 19. Bc5 Qc7 20. Bxb6 axb6 21. h5
Qd7 22. hxg6 hxg6 23. Qg5 Kf8 24. dxc6 Nxc6 25. Ne2 Nd4 26. Rh3 Qa4 27. Nxd4
Rxd4 28. Bb3 Qb5 29. Rch1 Ke8 30. Nf6+ Bxf6 31. Qxf6 Kd7 32. Qxf7+ 1-0

[Event "CYCC U12"]
[Site "Calgary CAN"]
[Date "2023.07.19"]
[Round "2.119"]
[White "Gautam, Arnav"]
[Black "Li, Triston"]
[Result "1/2-1/2"]
[WhiteElo "1217"]
[BlackElo "1693"]
[PlyCount "91"]
[EventDate "2023.07.19"]
[EventType "swiss"]
[EventRounds "7"]
[EventCountry "CAN"]

1. d4 Nf6 2. c4 g6 3. Nc3 Bg7 4. e4 d6 5. Nf3 O-O 6. Bd3 Bg4 7. Be3 Nc6 8. h3
Bxf3 9. Qxf3 Nd7 10. Ne2 e5 11. d5 Ne7 12. Ng3 c6 13. O-O cxd5 14. cxd5 b6 15.
Rac1 Nc5 16. Bb1 a5 17. a3 Nb3 18. Rc3 a4 19. Bc2 Nc5 20. Bxc5 bxc5 21. Rc4 Qd7
22. Qd1 Qb5 23. Rxa4 Qxb2 24. Rxa8 Rxa8 25. a4 Nc8 26. Qb1 Rb8 27. Qxb2 Rxb2
28. Rb1 Rxb1+ 29. Bxb1 Bh6 30. Nf1 Bc1 31. Ne3 Bxe3 32. fxe3 Kf8 33. a5 Ke7 34.
Kf2 Kd7 35. Bd3 Na7 36. Kg3 Ke7 37. Kg4 Kf6 38. Kh4 h6 39. g4 Kg7 40. g5 hxg5+
41. Kxg5 f6+ 42. Kg4 Kf7 43. h4 Kg7 44. h5 Kh6 45. hxg6 Kxg6 46. Kh4 1/2-1/2

[Event "CYCC U12"]
[Site "Calgary CAN"]
[Date "2023.07.19"]
[Round "2.120"]
[White "Jiang, William"]
[Black "Huang, David"]
[Result "1-0"]
[WhiteElo "1680"]
[BlackElo "1138"]
[PlyCount "85"]
[EventDate "2023.07.19"]
[EventType "swiss"]
[EventRounds "7"]
[EventCountry "CAN"]

1. e4 e5 2. Nf3 Nc6 3. Bc4 Bc5 4. c3 Nf6 5. d3 d6 6. a4 a6 7. O-O h6 8. h3 Ba7
9. Re1 O-O 10. Nbd2 Be6 11. Bb3 Ne7 12. Nf1 Ng6 13. Be3 Nh5 14. Bxa7 Rxa7 15.
Ne3 Nhf4 16. d4 Bxb3 17. Qxb3 Qf6 18. Rad1 Nxh3+ 19. Kf1 Nh4 20. Nd5 Qe6 21.
Nxh4 c6 22. Nf5 cxd5 23. gxh3 dxe4 24. Qxe6 fxe6 25. Nxd6 exd4 26. cxd4 Rf3 27.
Kg2 Rb3 28. Rxe4 Rxb2 29. Rxe6 Ra2 30. Nc8 Ra8 31. Re8+ Kf7 32. Nd6+ Kf6 33.
Rxa8 Rxa4 34. d5 b5 35. Nxb5 axb5 36. Rxa4 bxa4 37. d6 a3 38. d7 a2 39. d8=Q+
Kf7 40. Qd5+ Kf8 41. Qf5+ Ke8 42. Qe6+ Kf8 43. Rd8# 1-0

[Event "CYCC U12"]
[Site "Calgary CAN"]
[Date "2023.07.19"]
[Round "2.121"]
[White "Lee, Daniel"]
[Black "Chen, Zhengyu"]
[Result "1-0"]
[WhiteElo "1166"]
[BlackElo "1670"]
[PlyCount "69"]
[EventDate "2023.07.19"]
[EventType "swiss"]
[EventRounds "7"]
[EventCountry "CAN"]

1. e4 c6 2. d4 d5 3. exd5 cxd5 4. Bd3 Nc6 5. Nf3 Bg4 6. c3 Nf6 7. h3 Bh5 8. Bf4
e6 9. O-O Bd6 10. Bxd6 Qxd6 11. Nbd2 O-O 12. Re1 Rac8 13. Qb3 Bg6 14. Bxg6 hxg6
15. Ne5 Qc7 16. Ndf3 Ne4 17. Rac1 b6 18. c4 Nxd4 19. Nxd4 Qxe5 20. Nf3 Qf4 21.
Rc2 Nc5 22. Qa3 Rc7 23. cxd5 exd5 24. g3 Qf6 25. b4 Ne6 26. Rxe6 fxe6 27. Rxc7
Qxf3 28. Qxf3 Rxf3 29. Rxa7 Rc3 30. Re7 Rc6 31. Kf1 Rc1+ 32. Ke2 Rc2+ 33. Ke3
Rxa2 34. Rxe6 d4+ 35. Kxd4 1-0

[Event "CYCC U12"]
[Site "Calgary CAN"]
[Date "2023.07.19"]
[Round "2.122"]
[White "Ajith, Aarush"]
[Black "Schantz, Korbin"]
[Result "1-0"]
[WhiteElo "1667"]
[BlackElo "1116"]
[PlyCount "93"]
[EventDate "2023.07.19"]
[EventType "swiss"]
[EventRounds "7"]
[EventCountry "CAN"]

1. d4 d5 2. Nf3 c5 3. e3 g6 4. b3 Bg7 5. Bb2 cxd4 6. exd4 Bf5 7. Bd3 Bxd3 8.
Qxd3 Nf6 9. Nbd2 Nbd7 10. O-O O-O 11. Rfe1 Re8 12. Re2 Rc8 13. Ne5 e6 14. f4
Bh6 15. Rf1 Nxe5 16. fxe5 Nh5 17. g3 Qg5 18. Qf3 Re7 19. c4 Rd8 20. cxd5 exd5
21. Bc1 Qf5 22. Qxf5 gxf5 23. Rxf5 Ng7 24. Rf1 Rc8 25. Ba3 Ree8 26. Nb1 Ne6 27.
Bb2 a6 28. Kh1 b5 29. a3 Re7 30. Rd1 Rec7 31. Rf1 Rc2 32. Rxc2 Rxc2 33. Ba1 Be3
34. Nc3 Bxd4 35. Nxd5 Bxa1 36. Rxa1 Nd4 37. Nf6+ Kh8 38. Rd1 Nxb3 39. Rd8+ Kg7
40. Rg8+ Kh6 41. g4 Rc1+ 42. Kg2 Rc2+ 43. Kg3 Rc3+ 44. Kh4 Rc4 45. Rg5 Rc8 46.
Ng8+ Rxg8 47. Rxg8 1-0

[Event "CYCC U12"]
[Site "Calgary CAN"]
[Date "2023.07.19"]
[Round "2.123"]
[White "Lee, Michael"]
[Black "Tenkov, Arkady"]
[Result "0-1"]
[WhiteElo "1092"]
[BlackElo "1663"]
[PlyCount "112"]
[EventDate "2023.07.19"]
[EventType "swiss"]
[EventRounds "7"]
[EventCountry "CAN"]

1. e4 c6 2. c4 d5 3. cxd5 cxd5 4. exd5 Nf6 5. d4 Nxd5 6. Nf3 e6 7. a3 Be7 8.
Bd3 h6 9. Nc3 Nc6 10. Bc2 Nf6 11. O-O O-O 12. Qd3 Re8 13. Ne4 Nxe4 14. Qxe4 f5
15. Qd3 Bf6 16. Be3 e5 17. Qb3+ Kh8 18. dxe5 Nxe5 19. Bf4 Be6 20. Qxb7 Bd5 21.
Qb5 Bxf3 22. gxf3 Nxf3+ 23. Kh1 Nd4 24. Qd3 Qb6 25. Rab1 Qc6+ 26. Kg1 Ne2+ 27.
Qxe2 Rxe2 28. Bxf5 Qf3 29. Rbe1 Rxe1 30. Rxe1 Qxf4 31. Bh3 Be5 32. Bg2 Rf8 33.
Re2 Rf5 34. Be4 Rg5+ 35. Kf1 Qc1+ 36. Re1 Rg1+ 37. Kxg1 Qxe1+ 38. Kg2 Qxe4+ 39.
Kg1 Qf3 40. Kf1 Bd4 41. Ke1 Bxf2+ 42. Kd2 Qg2 43. Kd3 Qxh2 44. b4 Bc5 45. bxc5
Qg3+ 46. Ke4 Qg4+ 47. Kd3 h5 48. c6 h4 49. c7 h3 50. c8=Q+ Qxc8 51. a4 h2 52.
a5 h1=R 53. a6 Qg4 54. Ke3 Rh3+ 55. Kf2 Qf3+ 56. Kg1 Rh1# 0-1

[Event "CYCC U12"]
[Site "Calgary CAN"]
[Date "2023.07.19"]
[Round "2.124"]
[White "Duanmu, Isaac"]
[Black "Li, Morgan"]
[Result "1-0"]
[WhiteElo "1620"]
[BlackElo "996"]
[PlyCount "57"]
[EventDate "2023.07.19"]
[EventType "swiss"]
[EventRounds "7"]
[EventCountry "CAN"]

1. d4 Nf6 2. c4 e6 3. Nc3 Bb4 4. a3 Bxc3+ 5. bxc3 h6 6. f3 d5 7. e3 O-O 8. Bd3
b6 9. cxd5 exd5 10. Ne2 Ba6 11. O-O Qc8 12. e4 c5 13. e5 c4 14. Bb1 Ne8 15. Ng3
f6 16. Qc2 Qe6 17. Qg6 Bc8 18. Nf5 Kh8 19. Nxg7 f5 20. Nxe6 Bxe6 21. Qxh6+ Kg8
22. Qxe6+ Kh8 23. Bxf5 Ng7 24. Qh6+ Kg8 25. Bg6 Rc8 26. Qh7+ Kf8 27. Qh8+ Ke7
28. Qxg7+ Kd8 29. Bg5# 1-0

[Event "CYCC U12"]
[Site "Calgary CAN"]
[Date "2023.07.19"]
[Round "2.125"]
[White "Zhuang, George"]
[Black "Wu, Ryan"]
[Result "0-1"]
[WhiteElo "723"]
[BlackElo "1576"]
[PlyCount "48"]
[EventDate "2023.07.19"]
[EventType "swiss"]
[EventRounds "7"]
[EventCountry "CAN"]

1. e4 c5 2. Nf3 Nc6 3. Bc4 e6 4. Nc3 Nf6 5. d3 Be7 6. h3 d5 7. Bb3 O-O 8. O-O
a6 9. Bf4 b5 10. a3 Bb7 11. e5 Nd7 12. Ne2 c4 13. dxc4 dxc4 14. Ba2 Qc7 15. c3
Nc5 16. Qc2 Nd3 17. Bb1 g6 18. b4 Nxf4 19. Nxf4 Nxe5 20. Nxe5 Qxe5 21. Qd2 Bg5
22. g3 Rfd8 23. Re1 Rxd2 24. Rxe5 Rd1+ 0-1

[Event "CYCC U12"]
[Site "Calgary CAN"]
[Date "2023.07.19"]
[Round "2.127"]
[White "Kumbharathi, Harsha"]
[Black "Buitelaar, Jake"]
[Result "1/2-1/2"]
[WhiteElo "1547"]
[BlackElo "910"]
[PlyCount "41"]
[EventDate "2023.07.19"]
[EventType "swiss"]
[EventRounds "7"]
[EventCountry "CAN"]

1. e4 e5 2. Nc3 Bc5 3. f4 d6 4. Nf3 Nc6 5. Bb5 a6 6. Bxc6+ bxc6 7. Qe2 Bg4 8.
d3 Qf6 9. f5 h6 10. h3 Bxf3 11. Qxf3 Ne7 12. h4 O-O-O 13. g4 g5 14. h5 d5 15.
Bd2 d4 16. Na4 Bb6 17. b3 c5 18. Nb2 Nc6 19. Nc4 Nb4 20. Bxb4 cxb4 21. O-O-O
1/2-1/2

[Event "CYCC U12"]
[Site "Calgary CAN"]
[Date "2023.07.20"]
[Round "3.128"]
[White "Curran, Dylan"]
[Black "Dunikov, Glib"]
[Result "0-1"]
[WhiteElo "865"]
[BlackElo "1458"]
[PlyCount "60"]
[EventDate "2023.07.19"]
[EventType "swiss"]
[EventRounds "7"]
[EventCountry "CAN"]

1. c4 c6 2. d4 d5 3. Nc3 Nf6 4. Bf4 Bf5 5. e3 e6 6. Nf3 Bb4 7. Qb3 Qa5 8. a3
Bxc3+ 9. bxc3 Ne4 10. Ne5 Qxc3+ 11. Qxc3 Nxc3 12. f3 dxc4 13. Bxc4 Nd5 14. Bxd5
exd5 15. Rb1 Bxb1 16. O-O Bf5 17. Bg3 Nd7 18. e4 Be6 19. Re1 Nxe5 20. Bxe5 O-O
21. Re3 f6 22. Bd6 Rfd8 23. Bb4 Rd7 24. exd5 Bxd5 25. f4 Kf7 26. f5 Re8 27.
Rxe8 Kxe8 28. Kf2 Be4 29. g4 Rxd4 30. Bc5 Ra4 0-1

[Event "CYCC U12"]
[Site "Calgary CAN"]
[Date "2023.07.20"]
[Round "3.129"]
[White "Xu, Michael"]
[Black "Zhang, Felix"]
[Result "0-1"]
[WhiteElo "828"]
[BlackElo "1410"]
[PlyCount "60"]
[EventDate "2023.07.19"]
[EventType "swiss"]
[EventRounds "7"]
[EventCountry "CAN"]

1. e4 d5 2. exd5 Nf6 3. Nc3 Nxd5 4. Bc4 Nxc3 5. bxc3 Bf5 6. d4 e6 7. Bf4 Bd6 8.
Bg3 O-O 9. Nf3 Nd7 10. O-O Nf6 11. Re1 Ne4 12. Bxd6 cxd6 13. Bd3 Nxc3 14. Qd2
Bxd3 15. cxd3 Nd5 16. Qb2 Qb6 17. Qa3 Qa6 18. Qb3 b6 19. Ng5 Rfe8 20. Nxe6 fxe6
21. f4 Qb7 22. f5 exf5 23. Rxe8+ Rxe8 24. Rc1 Kh8 25. Qb5 Rd8 26. Re1 h6 27.
Rf1 Ne3 28. Rf3 f4 29. Qb2 Rf8 30. g3 Qxf3 0-1

[Event "CYCC U12"]
[Site "Calgary CAN"]
[Date "2023.07.20"]
[Round "3.130"]
[White "Li, Aiden"]
[Black "Susarla, Mayukh"]
[Result "1-0"]
[WhiteElo "1402"]
[BlackElo "926"]
[PlyCount "33"]
[EventDate "2023.07.19"]
[EventType "swiss"]
[EventRounds "7"]
[EventCountry "CAN"]

1. c4 Nf6 2. g3 d6 3. d4 g6 4. Nc3 Bg7 5. Bg2 c6 6. Bg5 Nbd7 7. e4 e5 8. d5 Qb6
9. Qc2 h6 10. Be3 c5 11. Rb1 Qc7 12. b4 cxb4 13. Nb5 Qa5 14. Bd2 a6 15. Nxd6+
Ke7 16. Nxc8+ Raxc8 17. Bxb4+ 1-0

[Event "CYCC U12"]
[Site "Calgary CAN"]
[Date "2023.07.20"]
[Round "3.131"]
[White "Chan, Bryan"]
[Black "Ma, Nicholas"]
[Result "0-1"]
[WhiteElo "1304"]
[BlackElo "909"]
[PlyCount "114"]
[EventDate "2023.07.19"]
[EventType "swiss"]
[EventRounds "7"]
[EventCountry "CAN"]

1. e4 e5 2. Nf3 Nc6 3. Bc4 Nf6 4. d3 Bc5 5. Bg5 h6 6. Bh4 Be7 7. Nc3 d6 8. h3
Be6 9. Bb3 Qd7 10. Qd2 O-O-O 11. Bxe6 Qxe6 12. Bxf6 Bxf6 13. Nd5 g5 14. Qc3 Rd7
15. a4 Ne7 16. Nxe7+ Bxe7 17. a5 a6 18. d4 f5 19. exf5 Qxf5 20. dxe5 dxe5 21.
Qxe5 Qf8 22. Qe6 Qe8 23. O-O Kb8 24. Rfe1 Rh7 25. Qe4 Qg8 26. c3 h5 27. Rad1
Rxd1 28. Rxd1 g4 29. Nh2 gxh3 30. Qf3 hxg2 31. Qxg2 Rg7 32. Qxg7 Qxg7+ 33. Kf1
Qf7 34. Rd7 Qc4+ 35. Kg1 Qe6 36. Rd3 Qg6+ 37. Rg3 Qb1+ 38. Kg2 Qxb2 39. Nf1 Bh4
40. Rf3 Qb5 41. Rh3 Qg5+ 42. Ng3 Bxg3 43. Rxg3 Qxa5 44. f4 Qf5 45. Kf3 Qd3+ 46.
Kf2 Qxg3+ 47. Kxg3 a5 48. f5 Kc8 49. Kf4 Kd8 50. Kg5 Ke8 51. Kg6 Kf8 52. c4 a4
53. c5 a3 54. Kxh5 a2 55. c6 bxc6 56. Kg6 a1=Q 57. f6 Qe5 0-1

[Event "CYCC U12"]
[Site "Calgary CAN"]
[Date "2023.07.20"]
[Round "3.134"]
[White "Nguyen, Leo"]
[Black "Zhang, Nathan"]
[Result "1/2-1/2"]
[WhiteElo "1174"]
[BlackElo "894"]
[PlyCount "65"]
[EventDate "2023.07.19"]
[EventType "swiss"]
[EventRounds "7"]
[EventCountry "CAN"]

1. d4 d5 2. c4 e6 3. Nc3 Nf6 4. Nf3 Nc6 5. Bg5 Be7 6. e3 O-O 7. cxd5 Nxd5 8.
Bxe7 Qxe7 9. Bd3 Nxc3 10. bxc3 e5 11. Qc2 g6 12. h4 f5 13. Bc4+ Be6 14. Qb3
Bxc4 15. Qxc4+ Kh8 16. Qb5 exd4 17. Nxd4 Nxd4 18. cxd4 Rad8 19. Kf1 f4 20. Qd3
fxe3 21. f3 Rf4 22. Re1 Rdxd4 23. Qxe3 Qxe3 24. Rxe3 Rxh4 25. Rxh4 Rxh4 26. Re7
Rc4 27. Kf2 Rc2+ 28. Kg3 Kg8 29. Kh3 Kf8 30. Rxh7 Rc1 31. Kg4 Rc2 32. a3 Kg8
33. Rd7 1/2-1/2

[Event "CYCC U12"]
[Site "Calgary CAN"]
[Date "2023.07.20"]
[Round "3.135"]
[White "Huang, David"]
[Black "Chen, Harry"]
[Result "1/2-1/2"]
[WhiteElo "1138"]
[BlackElo "817"]
[PlyCount "72"]
[EventDate "2023.07.19"]
[EventType "swiss"]
[EventRounds "7"]
[EventCountry "CAN"]

1. e4 e5 2. Nf3 Nc6 3. Bb5 d6 4. O-O Nf6 5. Re1 g6 6. d4 Bd7 7. c3 Bg7 8. Nbd2
O-O 9. Nf1 a6 10. Ba4 b5 11. Bc2 Bg4 12. d5 Ne7 13. h3 Bd7 14. Be3 c6 15. dxc6
Bxc6 16. Ng3 Rc8 17. Qd2 Qc7 18. Bh6 Rfe8 19. Bxg7 Kxg7 20. Rad1 d5 21. exd5
Nexd5 22. Ne4 Nxe4 23. Bxe4 Rcd8 24. Qc1 f5 25. Bxd5 Bxd5 26. Nd2 e4 27. Nb3
Qb7 28. Nd4 e3 29. Rxe3 Rxe3 30. fxe3 Re8 31. Qd2 Qe7 32. Nxf5+ gxf5 33. Qxd5
Qxe3+ 34. Kh1 Qf2 35. Qd7+ Kf8 36. Qxh7 Re1+ 1/2-1/2

[Event "CYCC U12"]
[Site "Calgary CAN"]
[Date "2023.07.20"]
[Round "3.136"]
[White "Harrington, Luka"]
[Black "Zhuang, George"]
[Result "1/2-1/2"]
[WhiteElo "1136"]
[BlackElo "723"]
[PlyCount "38"]
[EventDate "2023.07.19"]
[EventType "swiss"]
[EventRounds "7"]
[EventCountry "CAN"]

1. e4 e5 2. f4 exf4 3. Nf3 Nc6 4. d4 d5 5. Nc3 Nf6 6. e5 Ne4 7. Bxf4 Bf5 8.
Nxe4 Bxe4 9. a3 f6 10. g3 a6 11. Bg2 g5 12. Nd2 Bxg2 13. Qh5+ Kd7 14. Qg4+ Ke7
15. exf6+ Kf7 16. Qh5+ Kg8 17. Qxg5+ Kf7 18. Qh5+ Ke6 19. Qg4+ Kf7 1/2-1/2

[Event "CYCC U12"]
[Site "Calgary CAN"]
[Date "2023.07.20"]
[Round "3.140"]
[White "Wang, Patrick"]
[Black "Slobinsky, Tal"]
[Result "1-0"]
[WhiteElo "960"]
[BlackElo "584"]
[PlyCount "57"]
[EventDate "2023.07.19"]
[EventType "swiss"]
[EventRounds "7"]
[EventCountry "CAN"]

1. e4 e5 2. Nf3 Nc6 3. Bc4 Nh6 4. d3 Qf6 5. Nc3 Bb4 6. Bd2 Bxc3 7. Bxc3 Nd4 8.
Bxd4 exd4 9. Qd2 d6 10. Qg5 Qxg5 11. Nxg5 O-O 12. Nf3 Bg4 13. Nxd4 c5 14. Nb5
a6 15. Nxd6 b5 16. Bd5 Rad8 17. Nb7 Rc8 18. O-O Be2 19. Rfe1 Bg4 20. f3 Bd7 21.
c3 c4 22. dxc4 bxc4 23. Nd6 Rc7 24. Nxc4 Bb5 25. Ne3 Bc6 26. Bxc6 Rxc6 27. Nd5
Rd6 28. Rad1 a5 29. Ne7+ 1-0

[Event "CYCC U12"]
[Site "Calgary CAN"]
[Date "2023.07.20"]
[Round "3.142"]
[White "Zhang, Ryan"]
[Black "Yuan, Jaydon"]
[Result "1-0"]
[WhiteElo "948"]
[BlackElo "578"]
[PlyCount "87"]
[EventDate "2023.07.19"]
[EventType "swiss"]
[EventRounds "7"]
[EventCountry "CAN"]

1. d4 Nf6 2. c4 e6 3. Nc3 d5 4. Bg5 Nbd7 5. Nf3 c6 6. e3 h6 7. Bxf6 Nxf6 8.
cxd5 cxd5 9. Bb5+ Bd7 10. Bxd7+ Qxd7 11. O-O Bd6 12. h3 O-O 13. Rc1 Ne4 14.
Nxe4 dxe4 15. Nd2 f5 16. Qb3 b6 17. Nc4 Bc7 18. Rc2 Rac8 19. Rfc1 Rfe8 20. Qa3
Bb8 21. b3 b5 22. Nd2 Rxc2 23. Rxc2 Qb7 24. Qc5 Rd8 25. Nf1 Bd6 26. Qc6 Qb8 27.
Nd2 e5 28. dxe5 Bb4 29. Qe6+ Kh8 30. Nf1 Re8 31. Qxf5 Rxe5 32. Rc8+ Re8 33.
Rxb8 Rxb8 34. Qxe4 a5 35. Qe5 Rb6 36. Qc7 Rd6 37. Qb8+ Kh7 38. Qxb5 Rg6 39. Qf5
h5 40. Ng3 h4 41. Ne4 Kh6 42. Qf4+ Kh7 43. Ng5+ Kh8 44. Qb8+ 1-0

[Event "CYCC U12"]
[Site "Calgary CAN"]
[Date "2023.07.20"]
[Round "3.110"]
[White "Mendes, Aaron Reeve"]
[Black "Ajith, Aarush"]
[Result "1-0"]
[WhiteElo "2305"]
[BlackElo "1667"]
[PlyCount "83"]
[EventDate "2023.07.19"]
[EventType "swiss"]
[EventRounds "7"]
[EventCountry "CAN"]

1. e4 c5 2. Nf3 e6 3. b3 b6 4. Bb2 Bb7 5. Nc3 Nc6 6. d4 cxd4 7. Nxd4 Nf6 8.
Nxc6 Bxc6 9. e5 Nd5 10. Nxd5 Bxd5 11. Qg4 Qc7 12. O-O-O Rc8 13. Bd3 Qc6 14. f3
a5 15. Kb1 b5 16. a3 a4 17. b4 g6 18. Qf4 Be7 19. h4 Qb6 20. Qd2 Rc7 21. h5 g5
22. h6 Qb7 23. Rde1 Qc6 24. Re2 Qb6 25. Rf2 Qb7 26. Rh5 Qb6 27. g4 Qc6 28. f4
Bc4 29. f5 Bxd3 30. Qxd3 Qc4 31. f6 Qxd3 32. cxd3 Bf8 33. Rxg5 Bxh6 34. Rh5 Be3
35. Rf3 Bd2 36. Rfh3 h6 37. g5 Rg8 38. gxh6 Rg1+ 39. Ka2 Rc2 40. h7 d6 41.
h8=Q+ Kd7 42. Qf8 1-0

[Event "CYCC U12"]
[Site "Calgary CAN"]
[Date "2023.07.20"]
[Round "3.111"]
[White "Marchand, Calix"]
[Black "Duanmu, Isaac"]
[Result "0-1"]
[WhiteElo "2101"]
[BlackElo "1620"]
[PlyCount "124"]
[EventDate "2023.07.19"]
[EventType "swiss"]
[EventRounds "7"]
[EventCountry "CAN"]

1. e4 c6 2. d4 d5 3. e5 c5 4. dxc5 e6 5. Nf3 Bxc5 6. Bd3 Nd7 7. O-O Ne7 8. Re1
Ng6 9. g3 Qc7 10. Qe2 b6 11. h4 Bb7 12. h5 Ne7 13. h6 gxh6 14. Bxh6 Ng6 15. c3
a5 16. a4 f6 17. Nd4 fxe5 18. Nxe6 Qd6 19. Nxc5 bxc5 20. Bf5 Qf6 21. Qg4 Bc6
22. Na3 Ne7 23. Bg7 Qxf5 24. Qxf5 Nxf5 25. Bxh8 e4 26. g4 Nh4 27. Bg7 Nf3+ 28.
Kg2 Nxe1+ 29. Rxe1 Kf7 30. Bh6 Bxa4 31. c4 d4 32. Nb5 Bxb5 33. cxb5 Rb8 34.
Rxe4 Rxb5 35. Re2 d3 36. Rd2 c4 37. Be3 a4 38. Kf3 Ke6 39. Ke4 Rd5 40. Bd4 h5
41. gxh5 Rxh5 42. f4 Rd5 43. Rh2 Rb5 44. Rf2 Nc5+ 45. Bxc5 Rxc5 46. Kd4 Rc8 47.
f5+ Kf6 48. Kc3 Rd8 49. Rd2 Kxf5 50. Kxc4 Ke4 51. Kb4 Ke3 52. Rd1 d2 53. Kxa4
Ke2 54. Rh1 d1=Q+ 55. Rxd1 Kxd1 56. b4 Rb8 57. b5 Kc2 58. Kb4 Kb2 59. Kc5 Ka3
60. Kc6 Ka4 61. b6 Ka5 62. b7 Ka6 0-1

[Event "CYCC U12"]
[Site "Calgary CAN"]
[Date "2023.07.20"]
[Round "3.112"]
[White "Tenkov, Arkady"]
[Black "Liu, Zachary"]
[Result "0-1"]
[WhiteElo "1663"]
[BlackElo "2071"]
[PlyCount "154"]
[EventDate "2023.07.19"]
[EventType "swiss"]
[EventRounds "7"]
[EventCountry "CAN"]

1. e4 c5 2. Nc3 d6 3. g3 Nc6 4. Bg2 g6 5. Nge2 Bg7 6. d3 e6 7. O-O Nge7 8. Be3
Nd4 9. Qd2 O-O 10. Nd1 Rb8 11. c3 Nxe2+ 12. Qxe2 b5 13. d4 cxd4 14. Bxd4 Bxd4
15. cxd4 Qb6 16. Qd2 Nc6 17. Ne3 Qxd4 18. Rfd1 e5 19. Rac1 Qxd2 20. Rxd2 Nd4
21. Nc2 Nxc2 22. Rcxc2 Be6 23. b3 Rfc8 24. Rxc8+ Rxc8 25. h4 Rc1+ 26. Kh2 Rc6
27. Bf3 h5 28. Kg2 Kf8 29. Kf1 Ke7 30. Ke2 Rc3 31. Rd3 Rc2+ 32. Rd2 Rxd2+ 33.
Kxd2 b4 34. Be2 Kd7 35. f4 f6 36. Bb5+ Ke7 37. Bd3 f5 38. fxe5 dxe5 39. Ke3
fxe4 40. Bc2 Bf5 41. Bd1 Bg4 42. Bc2 Bf3 43. Bb1 Kf6 44. Bc2 Kf5 45. Bb1 g5 46.
hxg5 Kxg5 47. Bc2 Kg4 48. Kf2 e3+ 49. Kxe3 Kxg3 50. Bf5 h4 51. Be6 h3 52. Bxh3
Bd5 53. Bf5 a5 54. Bb1 Kg4 55. Be4 Be6 56. Bf3+ Kf5 57. Be4+ Kf6 58. Bc6 Bf5
59. Bf3 Bb1 60. Bd1 Bxa2 61. Bc2 a4 62. bxa4 b3 63. Be4 b2 64. a5 b1=Q 65. Bxb1
Bxb1 66. a6 Ba2 67. Ke4 Ke6 68. a7 Bd5+ 69. Ke3 Ba8 70. Kd3 e4+ 71. Ke3 Ke5 72.
Ke2 Kd4 73. Kd2 e3+ 74. Ke2 Ke4 75. Ke1 Kd3 76. Kd1 e2+ 77. Ke1 Bb7 0-1

[Event "CYCC U12"]
[Site "Calgary CAN"]
[Date "2023.07.20"]
[Round "3.113"]
[White "Zhong, Ryan Yunhui"]
[Black "Fu, Odyssey"]
[Result "1-0"]
[WhiteElo "2017"]
[BlackElo "1537"]
[PlyCount "59"]
[EventDate "2023.07.19"]
[EventType "swiss"]
[EventRounds "7"]
[EventCountry "CAN"]

1. e4 c5 2. Nf3 Nc6 3. Bb5 e6 4. c3 Nge7 5. O-O a6 6. Ba4 g6 7. d4 cxd4 8. cxd4
d5 9. e5 Bg7 10. Nc3 O-O 11. Bg5 b5 12. Bc2 Qb6 13. Qd2 Nf5 14. Bxf5 exf5 15.
Nxd5 Qb7 16. Nf6+ Kh8 17. Bh6 Ne7 18. Bxg7+ Kxg7 19. d5 Rd8 20. d6 Ng8 21. Rac1
Ra7 22. Qg5 Rd7 23. Nh4 Ne7 24. Nxd7 Qxd7 25. Qf6+ Kg8 26. dxe7 Qxe7 27. Rxc8+
Qf8 28. Nxf5 gxf5 29. Qg5+ Kh8 30. Rxf8# 1-0